000
00297nam a22001337a 4500
008
181224b xxu||||| |||| 00| 0 eng d
020
_a
9780683037012
041
_a
eng
080
_2
10 TH
_a
611
100
_a
7
101
_a
ANA
245
_a
Atlaas Of Ana6tomy
_c
Agur.A.M.R
942
_2
udc
_c
BK
999
_c
53750
_d
53750